ՀՀ Գիտությունների ազգային ակադեմիայի հիմնարար գիտական գրադարան  =   Fundamental Scientific Library of NAS RA

Մի քանի գլուխ հայ-թրքական ընդհարումներից / (Record no. 11644)

MARC details
000 -LEADER
fixed length control field 00787nam a2200217 a 4500
001 - CONTROL NUMBER
control field 000027173
003 - CONTROL NUMBER IDENTIFIER
control field AM-YEHGA
005 - DATE AND TIME OF LATEST TRANSACTION
control field 20250617121136.0
008 - FIXED-LENGTH DATA ELEMENTS--GENERAL INFORMATION
fixed length control field 001221s1907 gs |||||||||||||||||arm d
040 ## - CATALOGING SOURCE
Original cataloging agency AM-YeHGA
041 0# - LANGUAGE CODE
Language code of text/sound track or separate title arm
090 ## - LOCALLY ASSIGNED LC-TYPE CALL NUMBER (OCLC); LOCAL CALL NUMBER (RLIN)
-- 11734
100 1# - MAIN ENTRY--PERSONAL NAME
Personal name Տեր-Դանիելյան, Միսակ Դանիելի
Titles and words associated with a name (Արամայիս),
Dates associated with a name 1874-1954
245 10 - TITLE STATEMENT
Title Մի քանի գլուխ հայ-թրքական ընդհարումներից /
Statement of responsibility, etc. Արամայիս.
260 ## - PUBLICATION, DISTRIBUTION, ETC.
Place of publication, distribution, etc. Թիֆլիս :
Name of publisher, distributor, etc. Гермесъ,
Date of publication, distribution, etc. 1907.
300 ## - PHYSICAL DESCRIPTION
Extent մաս
505 00 - FORMATTED CONTENTS NOTE
Miscellaneous information Մ. 1 (1907, 100 էջ) :
Title Ասկերան;
Miscellaneous information Մ. 2 (1907, 40 էջ)
Title Վարանդայ-Խաչէն
650 14 - SUBJECT ADDED ENTRY--TOPICAL TERM
Topical term or geographic name entry element Հայոց պատմություն
650 14 - SUBJECT ADDED ENTRY--TOPICAL TERM
Topical term or geographic name entry element Հայ-թրքական ընդհարումներ
942 ## - ADDED ENTRY ELEMENTS (KOHA)
Source of classification or shelving scheme Universal Decimal Classification
Koha item type Գրքեր / Books
Holdings
Withdrawn status Lost status Damaged status Not for loan Collection Home library Current library Date acquired Serial enumeration / chronology Total checkouts Full call number Barcode Date last seen Copy number Price effective from Koha item type Public note
        General Fundamental Scientific Library Fundamental Scientific Library 21/12/2016 Մ. 2.   AII/79035 FL0191225 21/12/2016 947.925 21/12/2016 Գրքեր / Books 30 Days Loan


ՀՀ ԳԱԱ հիմնարար գիտական գրադարան
ՀՀ,Երևան 0019
Մարշալ Բաղրամյան 24/6
հեռախոս:(374-10) 52-47-50
Հետադարձ կապ

All site content, except where otherwise noted, is licensed under a
Creative Commons License